| 000 | 00899nam a22002417a 4500 | ||
|---|---|---|---|
| 999 |
_c21419 _d21419 |
||
| 003 | AR-CdUCM | ||
| 008 | 190319b ||||| |||| 00| 0 spa d | ||
| 020 | _a9786123180577 | ||
| 040 |
_aMUNICIPALIDAD PROVINCIAL DEL CUSCO _cBIBLIOTECA MUNICIPAL DEL CUSCO |
||
| 082 |
_a633.73/P21 _bP21 |
||
| 100 |
_aPalomino, Paola _944692 |
||
| 245 |
_aEl rey Tunki : _bWilson Sucaticona y la historia del mejor café del mundo / |
||
| 260 |
_aLima ; _bUniversidad Peruana de Ciencias Aplicadas (UPC), _c2016. |
||
| 300 |
_a73 Páginas. : _c22 cm. |
||
| 505 | _aContenido: La esencia de una victoria no lograda -- El aroma del éxito -- El verdadero sabor ... | ||
| 650 |
_aCafeteros _944693 |
||
| 650 |
_aCafé _920012 |
||
| 650 |
_aProducción y consumo _911535 |
||
| 650 |
_aPuno Perú _917146 |
||
| 710 |
_aUniversidad Peruana de Ciencias Aplicadas (UPC) _944601 |
||
| 942 |
_2ddc _cLIBROS |
||
| 945 | _aRoel | ||